Kontrola koncentrací v regionu střední a východní Evropy
Stručný náčrt niektorých aspektov kontroly spájania podnikov v štátoch strednej a východnej Európy. Príklady problémov, s ktorými sa môžu spoločnosti stretnúť.
Gespeichert in:
| 1. Verfasser: | |
|---|---|
| Weitere Verfasser: | |
| Format: | Buchkapitel |
| Sprache: | Tschechisch |
| Schlagworte: | |
| Tags: |
Keine Tags, Fügen Sie das erste Tag hinzu!
|
MARC
| LEADER | 00000naa a2200000 4500 | ||
|---|---|---|---|
| 001 | 0162013 | ||
| 005 | 20231128124820.5 | ||
| 041 | 0 | |a cze | |
| 044 | |a CZ | ||
| 245 | 1 | 0 | |a Kontrola koncentrací v regionu střední a východní Evropy |c Ondřej Majer, Barbora Donathová |
| 520 | |a Stručný náčrt niektorých aspektov kontroly spájania podnikov v štátoch strednej a východnej Európy. Príklady problémov, s ktorými sa môžu spoločnosti stretnúť. | ||
| 610 | 2 | 0 | |a politika protimonopolná |
| 610 | 2 | 0 | |a stredná Európa |
| 610 | 2 | 0 | |a východná Európa |
| 610 | 2 | 0 | |a koncentrácia |
| 610 | 2 | 0 | |a fúzie |
| 100 | 1 | |a Majer, Ondřej | |
| 700 | 1 | |a Donathová, Barbora | |